[Event "Madrid ch 2022-2023 Final"]
[Site "Madrid ESP"]
[Date "2023.05.23"]
[Round "2.10"]
[White "Torres Rebolledo, Alvaro"]
[Black "Lazaro Azcutia, Miguel"]
[Result "1/2-1/2"]
[WhiteElo "2082"]
[BlackElo "1953"]
[PlyCount "95"]
[EventDate "2023.05.22"]
[EventType "swiss"]
[EventRounds "7"]
[SourceTitle "Ajedrez en Madrid"]
[Source "lmi"]
[SourceDate "2023.05.22"]
[SourceVersion "1"]
[SourceVersionDate "2023.05.29"]
[SourceQuality "1"]

1. e4 e5 2. Nf3 Nc6 3. Bc4 Bc5 4. c3 Nf6 5. d4 exd4 6. cxd4 Bb4+ 7. Bd2 Bxd2+
8. Nbxd2 Nxe4 9. Nxe4 d5 10. O-O dxe4 11. d5 exf3 12. dxc6 Qxd1 13. Raxd1 O-O
14. Rfe1 bxc6 15. Re7 Bf5 16. h3 fxg2 17. Kxg2 a5 18. Rde1 Bg6 19. Rxc7 Rfc8
20. Rxc8+ Rxc8 21. Re7 Ra8 22. Rc7 h6 23. Kg3 Rb8 24. b3 Bb1 25. Rxf7 Kh8 26.
a4 Ba2 27. Ra7 Bxb3 28. Bxb3 Rxb3+ 29. Kg4 Kh7 30. Rxa5 Ra3 31. h4 c5 32. Kf4
c4 33. Ke4 Kg6 34. Kd4 c3 35. Kd3 Rb3 36. Kc2 Ra3 37. f4 Kf6 38. h5 Ke6 39. Kd3
Kf6 40. Kc2 Ke6 41. Re5+ Kf6 42. a5 g6 43. Kd3 g5 44. Rc5 gxf4 45. Ke4 Ra4+ 46.
Kf3 c2 47. Kg4 f3+ 48. Kxf3 1/2-1/2

[Event "Madrid ch 2022-2023 Final"]
[Site "Madrid ESP"]
[Date "2023.05.23"]
[Round "2.11"]
[White "Estevez Sacristan, Deva"]
[Black "Martinez Garcia, Ruben"]
[Result "0-1"]
[WhiteElo "1978"]
[BlackElo "2030"]
[PlyCount "58"]
[EventDate "2023.05.22"]
[EventType "swiss"]
[EventRounds "7"]
[SourceTitle "Ajedrez en Madrid"]
[Source "lmi"]
[SourceDate "2023.05.22"]
[SourceVersion "1"]
[SourceVersionDate "2023.05.29"]
[SourceQuality "1"]

1. e4 c5 2. Nc3 Nc6 3. f4 g6 4. Nf3 Bg7 5. Bb5 Nd4 6. Bc4 e6 7. O-O Ne7 8. Re1
O-O 9. e5 d5 10. exd6 Qxd6 11. d3 Bd7 12. Ne4 Qc7 13. c3 Nxf3+ 14. Qxf3 b5 15.
Bb3 c4 16. Bc2 Bc6 17. Qh3 cxd3 18. Bxd3 Nd5 19. Ng5 h6 20. Nxe6 Qb6+ 21. Nd4
Bxd4+ 22. cxd4 Qxd4+ 23. Kh1 Rfe8 24. Re5 Nb4 25. Be2 Rxe5 26. fxe5 Qf2 27.
Bxh6 Qxe2 28. Rg1 Nd3 29. Be3 Ne1 0-1

[Event "Madrid ch 2022-2023 Final"]
[Site "Madrid ESP"]
[Date "2023.05.24"]
[Round "3.1"]
[White "Plazuelo Pascual, Juan"]
[Black "Rey Martinez, Jaime"]
[Result "1/2-1/2"]
[WhiteElo "2459"]
[BlackElo "2217"]
[PlyCount "23"]
[EventDate "2023.05.22"]
[EventType "swiss"]
[EventRounds "7"]
[SourceTitle "Ajedrez en Madrid"]
[Source "lmi"]
[SourceDate "2023.05.22"]
[SourceVersion "1"]
[SourceVersionDate "2023.05.29"]
[SourceQuality "1"]

1. e4 c5 2. Nf3 Nc6 3. Bb5 Nf6 4. Nc3 Qc7 5. O-O Nd4 6. Re1 a6 7. Bf1 d6 8.
Nxd4 cxd4 9. Nd5 Nxd5 10. exd5 g6 11. c4 Bg7 12. d3 1/2-1/2

[Event "Madrid ch 2022-2023 Final"]
[Site "Madrid ESP"]
[Date "2023.05.24"]
[Round "3.2"]
[White "Longa Yauca, Javier"]
[Black "Neagu, Roberto Florin"]
[Result "0-1"]
[WhiteElo "2216"]
[BlackElo "2278"]
[PlyCount "94"]
[EventDate "2023.05.22"]
[EventType "swiss"]
[EventRounds "7"]
[SourceTitle "Ajedrez en Madrid"]
[Source "lmi"]
[SourceDate "2023.05.22"]
[SourceVersion "1"]
[SourceVersionDate "2023.05.29"]
[SourceQuality "1"]

1. d4 Nf6 2. Nf3 g6 3. c4 c5 4. d5 d6 5. Nc3 e6 6. e4 exd5 7. cxd5 Bg7 8. Bb5+
Bd7 9. a4 O-O 10. O-O Bg4 11. Re1 a6 12. Bf1 Nbd7 13. h3 Bxf3 14. Qxf3 Re8 15.
Qd1 Qc7 16. g4 h6 17. a5 c4 18. Ra4 b5 19. axb6 Nxb6 20. Ra2 Nfd7 21. Be3 Nc5
22. Bd4 Bxd4 23. Qxd4 Nb3 24. Qe3 g5 25. h4 Re5 26. f3 Qc5 27. hxg5 hxg5 28.
Qxc5 Nxc5 29. Kf2 Kg7 30. Be2 Rh8 31. Rea1 Ree8 32. Rxa6 Nxa6 33. Rxa6 Rb8 34.
Ke3 Kf6 35. Nb5 Nxd5+ 36. exd5 Rxb5 37. Kd4 Rxb2 38. Bxc4 Rd8 39. Ra7 Rf2 40.
Ke3 Rc2 41. Bd3 Rc5 42. Be4 Rb8 43. Rd7 Rb6 44. Ra7 Rb3+ 45. Kd4 Rcb5 46. Bd3
Rb7 47. Ra6 R7b4+ 0-1

[Event "Madrid ch 2022-2023 Final"]
[Site "Madrid ESP"]
[Date "2023.05.24"]
[Round "3.3"]
[White "Rodriguez Avila, Alvaro"]
[Black "De La Puerta Cresis, Javier"]
[Result "1/2-1/2"]
[WhiteElo "2114"]
[BlackElo "2138"]
[PlyCount "116"]
[EventDate "2023.05.22"]
[EventType "swiss"]
[EventRounds "7"]
[SourceTitle "Ajedrez en Madrid"]
[Source "lmi"]
[SourceDate "2023.05.22"]
[SourceVersion "1"]
[SourceVersionDate "2023.05.29"]
[SourceQuality "1"]

1. e4 c5 2. Nf3 d6 3. d4 cxd4 4. Nxd4 Nf6 5. Nc3 Nc6 6. Bg5 e6 7. Qd2 a6 8.
O-O-O h6 9. Nxc6 bxc6 10. Bh4 d5 11. Qe1 Be7 12. Bc4 O-O 13. Bb3 a5 14. a4 Nd7
15. Bxe7 Qxe7 16. Kb1 Qb4 17. exd5 exd5 18. Ne2 Qb6 19. Nd4 Nc5 20. Qc3 Rb8 21.
Rhe1 Be6 22. Re3 Rfc8 23. Rg3 g6 24. Qe3 Kh7 25. Qf4 Qc7 26. Qh4 Qe5 27. Qe7
Ne4 28. Re3 Rc7 29. Qc5 Qh5 30. g4 Qxg4 31. f3 Nxc5 32. fxg4 Bxg4 33. Rf1 Kg7
34. Rc3 Ne4 35. Rd3 c5 36. Rg1 cxd4 37. Rxg4 Nf2 38. Rgxd4 Nxd3 39. Rxd3 Rd8
40. Bxd5 Rc5 41. c4 Rb8 42. Kc2 Rc7 43. Kc3 f5 44. b3 Kf6 45. Bf3 Rb6 46. Rd5
Re7 47. Bd1 Re5 48. Rd8 f4 49. Kd4 Re1 50. Kc5 Rbe6 51. Kb5 R6e5+ 52. c5 R1e3
53. Rf8+ Kg5 54. h4+ Kxh4 55. Rxf4+ Kg5 56. Rg4+ Kf6 57. Rc4 Rd5 58. Bc2 g5
1/2-1/2

[Event "Madrid ch 2022-2023 Final"]
[Site "Madrid ESP"]
[Date "2023.05.24"]
[Round "3.4"]
[White "Martinez Garcia, Ruben"]
[Black "Moreno Ruiz, Javier"]
[Result "0-1"]
[WhiteElo "2030"]
[BlackElo "2430"]
[PlyCount "98"]
[EventDate "2023.05.22"]
[EventType "swiss"]
[EventRounds "7"]
[SourceTitle "Ajedrez en Madrid"]
[Source "lmi"]
[SourceDate "2023.05.22"]
[SourceVersion "1"]
[SourceVersionDate "2023.05.29"]
[SourceQuality "1"]

1. e4 e6 2. d4 d5 3. e5 c5 4. c3 Nc6 5. Nf3 Nge7 6. Bd3 cxd4 7. cxd4 Nf5 8. Bc2
Qb6 9. Be3 Qxb2 10. Nbd2 Nxe3 11. fxe3 Qc3 12. Ke2 Bd7 13. Ba4 Qa3 14. Bxc6
Bxc6 15. Kf2 Be7 16. h4 Rc8 17. g4 Bb5 18. Rc1 O-O 19. Rxc8 Rxc8 20. Qb1 Qd3
21. a4 Ba6 22. Rc1 Bxh4+ 23. Kg2 Rxc1 24. Qxc1 Be7 25. Qc7 Bf8 26. Qb8 Qxe3 27.
Qxa7 h6 28. Qb8 Qf4 29. Kh3 Be2 30. Kg2 Qxg4+ 31. Kf2 Bxf3 32. Nxf3 Qf5 33.
Qxb7 Qc2+ 34. Kg3 Qxa4 35. Qc8 Qb3 36. Qa8 Qe3 37. Qc8 g5 38. Qd8 Qf4+ 39. Kg2
g4 40. Nh2 Qxd4 41. Nf1 Qxe5 42. Ng3 Qg5 43. Qc8 h5 44. Qb8 Qd2+ 45. Kg1 Qe3+
46. Kf1 Qf3+ 47. Kg1 h4 48. Nh5 g3 49. Nxg3 Qxg3+ 0-1

[Event "Madrid ch 2022-2023 Final"]
[Site "Madrid ESP"]
[Date "2023.05.24"]
[Round "3.5"]
[White "Suarez Uriel, Adrian"]
[Black "Fernandez Rosado, Roberto"]
[Result "1-0"]
[WhiteElo "2371"]
[BlackElo "2126"]
[PlyCount "81"]
[EventDate "2023.05.22"]
[EventType "swiss"]
[EventRounds "7"]
[SourceTitle "Ajedrez en Madrid"]
[Source "lmi"]
[SourceDate "2023.05.22"]
[SourceVersion "1"]
[SourceVersionDate "2023.05.29"]
[SourceQuality "1"]

1. e4 e5 2. Nf3 Nc6 3. Bc4 Nf6 4. d3 Be7 5. O-O O-O 6. Nc3 d6 7. a4 Na5 8. Ba2
c5 9. Bg5 Nc6 10. Bxf6 Bxf6 11. Nd5 Be6 12. c3 Rb8 13. Re1 g6 14. Qd2 Bg7 15.
Qg5 h6 16. Qxd8 Rfxd8 17. h3 Kh8 18. Reb1 a5 19. Bc4 f5 20. Ra3 f4 21. Nd2 g5
22. Nb6 Bd7 23. Bd5 Be8 24. f3 h5 25. Rb3 Ne7 26. Be6 Bxa4 27. Nxa4 b5 28. Ra1
Bf6 29. Kf2 Ng6 30. Bf7 Kg7 31. Bxg6 Kxg6 32. Ke2 bxa4 33. Rxb8 Rxb8 34. Nc4 g4
35. hxg4 hxg4 36. fxg4 Bd8 37. Rxa4 Bc7 38. Kf3 Kg5 39. Ra1 Rb7 40. Rh1 Rb8 41.
Rh7 1-0

[Event "Madrid ch 2022-2023 Final"]
[Site "Madrid ESP"]
[Date "2023.05.24"]
[Round "3.6"]
[White "Gaibor Gallardo, Gonzalo"]
[Black "Martinez Fernandez, Raul"]
[Result "0-1"]
[WhiteElo "1923"]
[BlackElo "2190"]
[PlyCount "142"]
[EventDate "2023.05.22"]
[EventType "swiss"]
[EventRounds "7"]
[SourceTitle "Ajedrez en Madrid"]
[Source "lmi"]
[SourceDate "2023.05.22"]
[SourceVersion "1"]
[SourceVersionDate "2023.05.29"]
[SourceQuality "1"]

1. d4 d5 2. Nf3 Nf6 3. c4 c6 4. Qc2 dxc4 5. Qxc4 Bf5 6. Nc3 Nbd7 7. Bf4 e6 8.
e3 Qa5 9. Be2 Nd5 10. O-O Nxf4 11. exf4 Be7 12. Ne5 Nb6 13. Qb3 h5 14. Bf3 Rc8
15. Rac1 Qb4 16. Qxb4 Bxb4 17. Ne4 h4 18. Nc5 f6 19. Ned3 Bxd3 20. Nxd3 Bd6 21.
Nc5 Bxc5 22. Rxc5 Rd8 23. Rd1 g6 24. h3 Kf7 25. a4 a6 26. a5 Na8 27. Kf1 Nc7
28. Ke2 Rd6 29. Ke3 Rhd8 30. Rc4 Nb5 31. Be2 Nc7 32. Bf3 R8d7 33. Rd3 Nb5 34.
Be2 Rd8 35. Rb4 Rd5 36. Bf3 R5d7 37. Be4 f5 38. Bf3 c5 39. Rc4 cxd4+ 40. Ke2
Re7 41. Rc5 Rd6 42. Kd2 Kf6 43. Rc8 Kg7 44. Kc2 b6 45. axb6 Rxb6 46. Rb3 Rd6
47. Be2 Na7 48. Ra8 Rc7+ 49. Kd2 g5 50. fxg5 e5 51. Rbb8 d3 52. Rg8+ Kf7 53.
Bh5+ Ke6 54. Rge8+ Kd5 55. Kxd3 Nc6 56. f3 Nb4+ 57. Ke2 Rc2+ 58. Ke1 Kd4 59.
Rac8 Rxg2 60. Red8 Rxd8 61. Rxd8+ Ke3 62. Kf1 Rxg5 63. Rb8 Rxh5 64. Rxb4 Kxf3
65. Rb3+ Kf4 66. Ra3 Rh6 67. Kf2 e4 68. Ra4 Rc6 69. Rb4 Rc2+ 70. Kf1 Kf3 71.
Ke1 e3 0-1

[Event "Madrid ch 2022-2023 Final"]
[Site "Madrid ESP"]
[Date "2023.05.24"]
[Round "3.7"]
[White "Torres Boch, Jose Francisco"]
[Black "Barraza Caracuel, Ignacio"]
[Result "0-1"]
[WhiteElo "2139"]
[BlackElo "2042"]
[PlyCount "82"]
[EventDate "2023.05.22"]
[EventType "swiss"]
[EventRounds "7"]
[SourceTitle "Ajedrez en Madrid"]
[Source "lmi"]
[SourceDate "2023.05.22"]
[SourceVersion "1"]
[SourceVersionDate "2023.05.29"]
[SourceQuality "1"]

1. e4 e5 2. Nf3 Nc6 3. Bb5 a6 4. Ba4 Nf6 5. O-O Be7 6. Re1 b5 7. Bb3 O-O 8. a4
Rb8 9. d3 d6 10. h3 Na5 11. Ba2 c5 12. Nbd2 Nc6 13. c3 Be6 14. d4 Bxa2 15. Rxa2
exd4 16. axb5 axb5 17. cxd4 c4 18. e5 dxe5 19. Nxe5 Nb4 20. Ra7 Bd6 21. Ndf3
Qb6 22. Ra1 Rbd8 23. Bd2 Nfd5 24. Ng5 f6 25. Nxh7 fxe5 26. Nxf8 Rxf8 27. Bxb4
Nxb4 28. dxe5 Bc5 29. Rf1 Nd3 30. Qe2 Bxf2+ 31. Kh1 Qe3 32. Qh5 Qxe5 33. Qxe5
Nxe5 34. Ra5 Nd3 35. Rxb5 Bd4 36. Rb1 Rf2 37. Rb8+ Kh7 38. Rc8 Rxb2 39. Rf1 c3
40. Rf5 c2 41. Rd5 Bc5 0-1

[Event "Madrid ch 2022-2023 Final"]
[Site "Madrid ESP"]
[Date "2023.05.24"]
[Round "3.8"]
[White "Nuñez Miranda, Adrian"]
[Black "Carela Ferrer, Francisco Javier"]
[Result "1-0"]
[WhiteElo "2127"]
[BlackElo "1869"]
[PlyCount "91"]
[EventDate "2023.05.22"]
[EventType "swiss"]
[EventRounds "7"]
[SourceTitle "Ajedrez en Madrid"]
[Source "lmi"]
[SourceDate "2023.05.22"]
[SourceVersion "1"]
[SourceVersionDate "2023.05.29"]
[SourceQuality "1"]

1. b3 b6 2. Bb2 Bb7 3. e3 Nf6 4. f4 g6 5. Nf3 Bg7 6. Be2 O-O 7. O-O c5 8. Qe1
Nc6 9. Qh4 Nb4 10. Ne1 Ba6 11. d3 Bb7 12. e4 d5 13. e5 Nd7 14. c3 Nc6 15. d4 e6
16. Qh3 cxd4 17. cxd4 Rc8 18. Nd2 Nb4 19. Bc3 Nc6 20. b4 Re8 21. a4 Nf8 22. Nb3
f6 23. b5 Ne7 24. Bb4 Qd7 25. a5 Rc4 26. Bxe7 Rxe7 27. axb6 axb6 28. Ra7 Qxb5
29. Nd2 Rec7 30. Nxc4 dxc4 31. Bf3 Qd7 32. Bxb7 Rxb7 33. Rxb7 Qxb7 34. Nc2 Qa7
35. Ra1 Qb7 36. Qc3 b5 37. Rb1 Qb6 38. Qxc4 fxe5 39. fxe5 Bxe5 40. Rxb5 Bxd4+
41. Nxd4 Qa7 42. Rc5 Qa1+ 43. Kf2 Qb2+ 44. Ne2 Qb8 45. Rc8 Qe5 46. Qf4 1-0

[Event "Madrid ch 2022-2023 Final"]
[Site "Madrid ESP"]
[Date "2023.05.24"]
[Round "3.9"]
[White "Horcajuelo Rocamora, Martin"]
[Black "Torres Rebolledo, Alvaro"]
[Result "1-0"]
[WhiteElo "2274"]
[BlackElo "2082"]
[PlyCount "145"]
[EventDate "2023.05.22"]
[EventType "swiss"]
[EventRounds "7"]
[SourceTitle "Ajedrez en Madrid"]
[Source "lmi"]
[SourceDate "2023.05.22"]
[SourceVersion "1"]
[SourceVersionDate "2023.05.29"]
[SourceQuality "1"]

1. d4 Nf6 2. c4 e6 3. Nf3 b6 4. g3 Bb7 5. Bg2 Bb4+ 6. Bd2 Be7 7. O-O O-O 8. Nc3
d6 9. Qc2 c5 10. e4 cxd4 11. Nxd4 Nbd7 12. Rfd1 Qc8 13. b3 h5 14. h3 Nc5 15.
Be3 a6 16. Rac1 Qc7 17. f4 Rac8 18. f5 d5 19. cxd5 Qxg3 20. Bf2 Qg5 21. h4 Qg4
22. Qe2 exd5 23. exd5 Bd6 24. Qxg4 hxg4 25. Nde2 Nh5 26. b4 Nd7 27. a3 g3 28.
Be1 Ndf6 29. Bf3 Rc4 30. Rd4 Rfc8 31. Rcd1 Be5 32. Rxc4 Rxc4 33. Na4 Rxh4 34.
Nxb6 Ne4 35. Nd7 Bd6 36. Rd3 Bc8 37. Re3 Ng5 38. Bxh5 Bxd7 39. Bxg3 Bxg3 40.
Nxg3 Nh3+ 41. Kf1 Nf4 42. Bf3 Rh3 43. Be2 Nxd5 44. Rd3 Nf6 45. Kg2 Rh4 46. Rd6
Kf8 47. Rxa6 Ne4 48. Nxe4 Rxe4 49. Bf3 Rd4 50. Ra7 Rd2+ 51. Kg3 Ke7 52. Bc6
Rd3+ 53. Kf4 Rxa3 54. Rxa3 Bxc6 55. Ra7+ Kf8 56. Rc7 Ba4 57. Ke5 f6+ 58. Kd6
Kg8 59. Ra7 Bc2 60. b5 Bxf5 61. b6 Be4 62. Re7 Bf3 63. Re3 Bg2 64. Rc3 Bb7 65.
Rc7 Be4 66. Rc6 Bxc6 67. Kxc6 Kf7 68. b7 Ke6 69. b8=Q g5 70. Qg3 Kf5 71. Kd5 g4
72. Kd4 Kg5 73. Ke3 1-0

[Event "Madrid ch 2022-2023 Final"]
[Site "Madrid ESP"]
[Date "2023.05.24"]
[Round "3.10"]
[White "Lazaro Azcutia, Miguel"]
[Black "Rodriguez Melendez, Juan Humbert"]
[Result "1-0"]
[WhiteElo "1953"]
[BlackElo "2069"]
[PlyCount "75"]
[EventDate "2023.05.22"]
[EventType "swiss"]
[EventRounds "7"]
[SourceTitle "Ajedrez en Madrid"]
[Source "lmi"]
[SourceDate "2023.05.22"]
[SourceVersion "1"]
[SourceVersionDate "2023.05.29"]
[SourceQuality "1"]

1. e4 c5 2. Nf3 e6 3. d4 cxd4 4. Nxd4 Nc6 5. Nc3 Qc7 6. g3 a6 7. Bg2 Nf6 8. O-O
Nxd4 9. Qxd4 Bc5 10. Bf4 d6 11. Qd2 h6 12. Rad1 e5 13. Be3 Bg4 14. Bxc5 dxc5
15. f3 Be6 16. Nd5 Bxd5 17. exd5 Qd6 18. f4 O-O 19. fxe5 Qxe5 20. d6 Rad8 21.
c3 b6 22. Bc6 Ng4 23. Rfe1 Qf6 24. Qf4 Qg6 25. Re2 f5 26. Bf3 Qh5 27. d7 Kh8
28. Rd6 Kh7 29. Qc4 Qh3 30. Qe6 Rf6 31. Qd5 Rxd6 32. Qxd6 Nf6 33. Re7 Ng4 34.
Bxg4 Qxg4 35. Kg2 Qa4 36. Qf6 Qc2+ 37. Kh3 Rg8 38. d8=Q 1-0

[Event "Madrid ch 2022-2023 Final"]
[Site "Madrid ESP"]
[Date "2023.05.25"]
[Round "4.1"]
[White "Neagu, Roberto Florin"]
[Black "Plazuelo Pascual, Juan"]
[Result "0-1"]
[WhiteElo "2278"]
[BlackElo "2459"]
[PlyCount "40"]
[EventDate "2023.05.22"]
[EventType "swiss"]
[EventRounds "7"]
[SourceTitle "Ajedrez en Madrid"]
[Source "lmi"]
[SourceDate "2023.05.22"]
[SourceVersion "1"]
[SourceVersionDate "2023.05.29"]
[SourceQuality "1"]

1. d4 d5 2. c4 dxc4 3. e3 e5 4. Bxc4 Nc6 5. Nf3 e4 6. Nfd2 Qg5 7. Nxe4 Qxg2 8.
Ng3 Qh3 9. Qb3 Nh6 10. Nc3 Bd6 11. Nge4 O-O 12. Nxd6 cxd6 13. Bd5 Re8 14. Bd2
Bg4 15. Ne4 Rad8 16. Qd3 Qh5 17. Bxc6 bxc6 18. Ng3 Qh3 19. e4 Nf5 20. Bf4 Qg2
0-1

[Event "Madrid ch 2022-2023 Final"]
[Site "Madrid ESP"]
[Date "2023.05.25"]
[Round "4.2"]
[White "Rey Martinez, Jaime"]
[Black "De La Puerta Cresis, Javier"]
[Result "1/2-1/2"]
[WhiteElo "2217"]
[BlackElo "2138"]
[PlyCount "75"]
[EventDate "2023.05.22"]
[EventType "swiss"]
[EventRounds "7"]
[SourceTitle "Ajedrez en Madrid"]
[Source "lmi"]
[SourceDate "2023.05.22"]
[SourceVersion "1"]
[SourceVersionDate "2023.05.29"]
[SourceQuality "1"]

1. e4 c5 2. Ne2 d6 3. g3 Nc6 4. Bg2 g6 5. c3 e5 6. d4 exd4 7. cxd4 Bg7 8. Be3
Qb6 9. Nbc3 Nge7 10. dxc5 dxc5 11. O-O Qa5 12. Nd5 O-O 13. Qc1 Nxd5 14. exd5
Nd4 15. Nxd4 cxd4 16. Bh6 Bxh6 17. Qxh6 Bf5 18. Rfd1 Qb6 19. Qd2 d3 20. h3 h5
21. Qf4 Qxb2 22. g4 hxg4 23. hxg4 Bd7 24. Rab1 Qc2 25. Bf3 Rac8 26. Rxb7 Rc4
27. Qg5 Qa4 28. Rxd7 Qxd7 29. Rxd3 Rb8 30. d6 Rbb4 31. Qe7 Rxg4+ 32. Bxg4 Qxg4+
33. Kh2 Rf4 34. Qe8+ Kg7 35. Qe5+ Kg8 36. Qe8+ Kg7 37. Qe5+ Kg8 38. Qe8+
1/2-1/2

[Event "Madrid ch 2022-2023 Final"]
[Site "Madrid ESP"]
[Date "2023.05.25"]
[Round "4.3"]
[White "Moreno Ruiz, Javier"]
[Black "Longa Yauca, Javier"]
[Result "1-0"]
[WhiteElo "2430"]
[BlackElo "2216"]
[PlyCount "96"]
[EventDate "2023.05.22"]
[EventType "swiss"]
[EventRounds "7"]
[SourceTitle "Ajedrez en Madrid"]
[Source "lmi"]
[SourceDate "2023.05.22"]
[SourceVersion "1"]
[SourceVersionDate "2023.05.29"]
[SourceQuality "1"]

1. d4 Nf6 2. c4 e6 3. Nc3 d6 4. e4 Nbd7 5. Nf3 e5 6. Be2 Be7 7. O-O O-O 8. Qc2
Re8 9. Rd1 exd4 10. Nxd4 Bf8 11. Bf4 h6 12. Rab1 a5 13. Ndb5 b6 14. b3 Bb7 15.
f3 g5 16. Bg3 Nh5 17. Bf2 Nf4 18. Bf1 Ne5 19. Nd5 Rc8 20. Kh1 Ne6 21. a3 Bg7
22. Ne3 h5 23. Nf5 Bf8 24. b4 axb4 25. axb4 Qf6 26. Nc3 Nf4 27. Nd5 Nxd5 28.
cxd5 c6 29. dxc6 Rxc6 30. Qb3 Rec8 31. Bd4 Qg6 32. b5 R6c7 33. Bxb6 Rc3 34. Qb2
Rc2 35. Qd4 g4 36. f4 Nd7 37. Ba7 d5 38. Ne3 Ra2 39. Nxd5 Ra8 40. f5 Qg5 41.
Qe3 Qxe3 42. Bxe3 Nc5 43. Nf6+ Kh8 44. Bd4 Bg7 45. e5 Bxf6 46. exf6 Ne4 47. Kg1
Nd2 48. Rb2 Nxf1 1-0

[Event "Madrid ch 2022-2023 Final"]
[Site "Madrid ESP"]
[Date "2023.05.25"]
[Round "4.4"]
[White "Barraza Caracuel, Ignacio"]
[Black "Suarez Uriel, Adrian"]
[Result "0-1"]
[WhiteElo "2042"]
[BlackElo "2371"]
[PlyCount "64"]
[EventDate "2023.05.22"]
[EventType "swiss"]
[EventRounds "7"]
[SourceTitle "Ajedrez en Madrid"]
[Source "lmi"]
[SourceDate "2023.05.22"]
[SourceVersion "1"]
[SourceVersionDate "2023.05.29"]
[SourceQuality "1"]

1. d4 Nf6 2. Nf3 g6 3. c4 Bg7 4. g3 b6 5. Bg2 Bb7 6. O-O O-O 7. Nc3 Ne4 8. Bd2
Nxd2 9. Qxd2 c5 10. d5 d6 11. e4 Nd7 12. Rfe1 a6 13. a4 Qc7 14. Rad1 Rad8 15.
h3 Bc8 16. Kh2 h6 17. Nh4 Ne5 18. Qe2 b5 19. axb5 axb5 20. Nxb5 Qb6 21. b3 Ba6
22. f4 Nd7 23. Nf3 Rb8 24. Bf1 Bxb5 25. cxb5 Bc3 26. Nd2 Ra8 27. Rc1 Bg7 28.
Rc2 h5 29. Nf3 Ra3 30. Qe3 Qa5 31. Bc4 Nb6 32. Qf2 Nxc4 0-1

[Event "Madrid ch 2022-2023 Final"]
[Site "Madrid ESP"]
[Date "2023.05.25"]
[Round "4.5"]
[White "Martinez Fernandez, Raul"]
[Black "Rodriguez Avila, Alvaro"]
[Result "1-0"]
[WhiteElo "2190"]
[BlackElo "2114"]
[PlyCount "75"]
[EventDate "2023.05.22"]
[EventType "swiss"]
[EventRounds "7"]
[SourceTitle "Ajedrez en Madrid"]
[Source "lmi"]
[SourceDate "2023.05.22"]
[SourceVersion "1"]
[SourceVersionDate "2023.05.29"]
[SourceQuality "1"]

1. e4 c5 2. Nf3 d6 3. d4 cxd4 4. Nxd4 Nf6 5. Nc3 Nc6 6. Bg5 e6 7. Qd2 a6 8.
O-O-O Bd7 9. f4 b5 10. Bxf6 gxf6 11. Nxc6 Bxc6 12. f5 h5 13. Kb1 Qb6 14. fxe6
fxe6 15. Qf4 Be7 16. g3 b4 17. Ne2 e5 18. Qf3 O-O-O 19. Bh3+ Kb8 20. Be6 a5 21.
h4 a4 22. g4 hxg4 23. Bxg4 f5 24. Bxf5 Rxh4 25. Rxh4 Bxh4 26. a3 Be7 27. axb4
Qxb4 28. Nc3 Ka8 29. Qe2 Qb7 30. Qc4 a3 31. b3 Rh8 32. Be6 Kb8 33. Rg1 Bd8 34.
Bd5 Qa7 35. Rf1 Bd7 36. Qb4+ Kc7 37. Rf7 Qc5 38. Qb7# 1-0

[Event "Madrid ch 2022-2023 Final"]
[Site "Madrid ESP"]
[Date "2023.05.25"]
[Round "4.6"]
[White "Lazaro Azcutia, Miguel"]
[Black "Nuñez Miranda, Adrian"]
[Result "1-0"]
[WhiteElo "1953"]
[BlackElo "2127"]
[PlyCount "65"]
[EventDate "2023.05.22"]
[EventType "swiss"]
[EventRounds "7"]
[SourceTitle "Ajedrez en Madrid"]
[Source "lmi"]
[SourceDate "2023.05.22"]
[SourceVersion "1"]
[SourceVersionDate "2023.05.29"]
[SourceQuality "1"]

1. e4 c5 2. Nf3 d6 3. d4 cxd4 4. Nxd4 Nf6 5. Nc3 Nc6 6. Bg5 Bd7 7. Qd2 a6 8. f4
e6 9. O-O-O Be7 10. Nf3 b5 11. Bxf6 gxf6 12. Kb1 Qb6 13. g3 Rc8 14. f5 b4 15.
fxe6 fxe6 16. Ne2 e5 17. Nc1 Na5 18. Bd3 Nc4 19. Qe2 Be6 20. Nd2 Nxd2+ 21. Rxd2
a5 22. Bb5+ Kd8 23. Ba4 h5 24. h3 Rc7 25. Nd3 Bf8 26. Qf3 Rh6 27. Nxe5 Kc8 28.
Nd3 Qd4 29. Rhd1 f5 30. Nf2 Qf6 31. e5 Bxa2+ 32. Ka1 Qxe5 33. Qa8# 1-0

[Event "Madrid ch 2022-2023 Final"]
[Site "Madrid ESP"]
[Date "2023.05.25"]
[Round "4.7"]
[White "Fernandez Rosado, Roberto"]
[Black "Horcajuelo Rocamora, Martin"]
[Result "1/2-1/2"]
[WhiteElo "2126"]
[BlackElo "2274"]
[PlyCount "72"]
[EventDate "2023.05.22"]
[EventType "swiss"]
[EventRounds "7"]
[SourceTitle "Ajedrez en Madrid"]
[Source "lmi"]
[SourceDate "2023.05.22"]
[SourceVersion "1"]
[SourceVersionDate "2023.05.29"]
[SourceQuality "1"]

1. e4 c5 2. Nf3 d6 3. d4 cxd4 4. Nxd4 Nf6 5. Nc3 a6 6. Bg5 Nbd7 7. Bc4 Qb6 8.
Bb3 e6 9. Qd2 Be7 10. O-O-O Nc5 11. Rhe1 Qc7 12. f4 h6 13. Bxf6 Bxf6 14. Kb1
Bd7 15. Nf3 O-O-O 16. Qe3 b5 17. e5 Be7 18. Ne2 Bc6 19. Ned4 Be4 20. Ka1 Kb8
21. c4 Qb7 22. cxb5 axb5 23. Bc2 Bd5 24. Kb1 Rhe8 25. g3 b4 26. Nd2 Qa6 27.
N2b3 Kb7 28. Qd2 Qb6 29. Qe2 g6 30. exd6 Bxd6 31. Nxc5+ Bxc5 32. Nb3 Kb8 33.
Be4 Bxb3 34. axb3 Bf2 35. Rf1 Bd4 36. Bg2 Ka7 1/2-1/2

[Event "Madrid ch 2022-2023 Final"]
[Site "Madrid ESP"]
[Date "2023.05.25"]
[Round "4.8"]
[White "Lozano Freras, Sergio"]
[Black "Centeno Mendoza, Julio Stefano"]
[Result "0-1"]
[WhiteElo "1971"]
[BlackElo "2148"]
[PlyCount "78"]
[EventDate "2023.05.22"]
[EventType "swiss"]
[EventRounds "7"]
[SourceTitle "Ajedrez en Madrid"]
[Source "lmi"]
[SourceDate "2023.05.22"]
[SourceVersion "1"]
[SourceVersionDate "2023.05.29"]
[SourceQuality "1"]

1. e4 e5 2. Nf3 Nc6 3. Bb5 a6 4. Ba4 Nf6 5. O-O Be7 6. Re1 b5 7. Bb3 d6 8. a4
Bd7 9. c3 Na5 10. Bc2 c5 11. d4 Nc6 12. d5 Na5 13. Nbd2 O-O 14. b4 Nb7 15. Nf1
a5 16. bxc5 Nxc5 17. axb5 Bxb5 18. Ba3 Qc7 19. Ng3 g6 20. Qd2 Rfb8 21. Reb1 Bc4
22. Qd1 Nfd7 23. Nd2 Bd3 24. Nb3 Bxc2 25. Qxc2 Nxb3 26. Rxb3 Rxb3 27. Qxb3 Rb8
28. Qc2 Nc5 29. Ne2 Nb3 30. Rb1 Qc4 31. Nc1 a4 32. Qd3 Rc8 33. Qxc4 Rxc4 34.
Nxb3 Rxc3 35. Kf1 axb3 36. Ke2 f5 37. exf5 gxf5 38. Rb2 Bg5 39. Bxd6 Rc2+ 0-1